00987nam a2200205 a 450000100100000000500170001000800410002702000180006804000250008608200150011110000400012624501180016626000360028430000360032050000480035695201220040495201190052695201190064599900170076400003617420200930074929.0120110s2011 dr ac 000 0 spa d a9789945005141 aDO-SdBNPbspacBNPHU axxxbB828m1 aBrea Tió, Héctor,d1953-93864910aMúsicos y cantantes maeños :bhomenaje a Juan Colón /cHéctor Brea Tió ; prólogo Manuel Mora Serrano. aSanto Domingo :bBúho,c2011. a189 p. :bil., retrs. ;c24 cm. aIncluye referencias bibliografícas p. 189 001054708PDaPDbPDcCTd2012-01-10iLF1l0oxxx B828mp36174-10r2020-06-25w2020-06-25yLFPDZPréstamo en sala 0010718PDaPDbPDcCTd2012-01-10iLF1l0oxxx B828mp36174-20r2020-06-25te. 2w2020-06-25yLFPDZNo se presta 0010718DSaPDbPDcCTd2012-01-10iLF1l0oxxx B828mp36174-30r2020-06-25te. 3w2020-06-25yLFDSZNo se presta c35665d35665